[Event "Hyderabad U1500 op 3rd"]
[Site "Hyderabad"]
[Date "2018.12.10"]
[Round "9.7"]
[White "Siddik, Akbar"]
[Black "Anil, M."]
[Result "1-0"]
[WhiteElo "1457"]
[BlackElo "1366"]
[PlyCount "75"]
[EventDate "2018.12.08"]
[EventType "swiss"]
[EventRounds "9"]
[EventCountry "IND"]
[SourceTitle "EXT 2024"]
[Source "ChessBase"]
[SourceDate "2023.10.10"]
[SourceVersion "1"]
[SourceVersionDate "2023.10.10"]
[SourceQuality "1"]

1. e4 e6 2. d4 d5 3. Nd2 Nf6 4. e5 Nfd7 5. Bd3 c5 6. c3 Nc6 7. Ngf3 Qb6 8. 0-0 cxd4 9. cxd4 Nxd4 10. Nxd4 Qxd4 11. Nf3 Qb6 12. Qa4 Qb4 13. Qc2 h6 14. Be3 Bc5 15. a3 Qb6 16. Bd2 a5 17. Qa4 Ra7 18. Bb5 Qd8 19. Qg4 Kf8 20. Rac1 b6 21. b4 axb4 22. axb4 Be7 23. h4 g6 24. Rfe1 Rc7 25. Rxc7 Qxc7 26. Rc1 Qd8 27. g3 Nb8 28. Nd4 Bd7 29. Bd3 h5 30. Qf3 Kg7 31. b5 f5 32. exf6+ Bxf6 33. Ne2 Qe7 34. Nf4 Be8 35. Re1 Bf7 36. Nxd5 Qd8 37. Nxf6 Qxf6 38. Qxf6+ 1-0